000 01048nam a2200349 4500
001 000
003 000
005 20150527090422.0
008 830503s1983 nyua b 001 0 eng
010 _a 82013654
020 _a0471097667 :
_c$45.00 (est.)
035 _a(OCoLC)8708847
035 _a(OCoLC)ocm08708847
035 _a(CStRLIN)NYCG83-B33151
035 _a(NNC)158182
040 _dUOEL
_cUOEL
050 0 _aQD79.C8
_bT68 1983
060 _aQD 79.C8 T631p
082 0 _a543/.08956
_219
100 1 _aTouchstone, Joseph C.
245 1 0 _aPractice of thin layer chromatography /
_cJoseph C. Touchstone, Murrell F. Dobbins.
250 _a2nd ed.
260 _aNew York :
_bWiley,
_cc1983.
300 _axxiii, 405 p. :
_bill. ;
_c24 cm.
500 _a"A Wiley-Interscience publication."
504 _aIncludes bibliographical references and index.
650 0 _aThin layer chromatography.
650 2 _aChromatography, Thin Layer.
700 1 _aDobbins, M. F.
_q(Murrell F.),
_d1947-
942 _2lcc
_cLL
999 _c8838
_d8838